00906nam a2200253Ia 450000500170000000800410001704100080005808200190006611000200008524300350010524501160014025000220025630000290027865000450030765000620035265000600041494200130047426400270048733600270051433700330054133800280057404000350060299900150063720220316235707.0121119s2003 ck grl 000 0 spa 0 aspa04aR 344.05bC64C1 aColombia92144510aCódigo nacional de policía10aCódigo nacional de policía decreto 1355 de 1970 y código nacional de tránsito terrestre ley 769 de 2002 aPrimera edición a20, 433 páginasc22 cm14aPolicíaxLegislaciónzColombia2LEMB14aReglamentos del tránsitoxLegislaciónzColombia2LEMB14aReglamentos de policíaxLegislaciónzColombia2LEMB 2ddccREF aBogotá bLegisc2003 atextobtxt2rdacontent asin mediaciónbn2rdamedia avolumenbnc2rdacarrier aCO-BoRNBPbspaerdacCO-BoRNBP c1844d1844